[Event "2nd Washington Int"]
[Site "Rockville USA"]
[Date "2013.08.07"]
[Round "3.10"]
[White "Enkhbat,T1"]
[Black "Chiang,S"]
[Result "1-0"]
[WhiteElo "2417"]
[BlackElo "2067"]

1.d4 Nf6 2.c4 e6 3.g3 d5 4.Nf3 Be7 5.Bg2 O-O 6.O-O dxc4 7.Qc2 a6 8.Qxc4 b5
9.Qc2 Bb7 10.Bd2 Be4 11.Qc1 Qc8 12.Bg5 Nbd7 13.Qf4 c5 14.Rc1 c4 15.b3 Bb7
16.bxc4 bxc4 17.Nc3 Bb4 18.Qh4 h6 19.Bxf6 Nxf6 20.Ne5 Bxg2 21.Kxg2 Nd5 22.Nxd5 exd5
23.Qh5 Ba3 24.Rc2 Qe6 25.Qf3 Qd6 26.e4 f6 27.Ng6 dxe4 28.Qf5 Rfc8 29.Qxe4 Re8
30.Qg4 Qd5+ 31.Kg1 Rab8 32.Rd1 Rb2 33.Nf4 Qf7 34.Qf5 Reb8 35.d5 Rb1 36.Rxb1 Rxb1+
37.Kg2 Re1 38.Qc8+ Kh7 39.Qxc4 Rd1 40.Qe2 Rd4 41.Ne6 Ra4 42.Rc7 Qg6 43.Rxg7+ Qxg7
44.Nxg7 Kxg7 45.Qd1 Rb4 46.d6 Rb8 47.Qg4+ Kf8 48.Qe6  1-0

[Event "Stockholm Open 2013"]
[Site "Stockholm SWE"]
[Date "2013.08.07"]
[Round "5.8"]
[White "Lindkvist,Andreas"]
[Black "Belokon,A"]
[Result "0-1"]
[WhiteElo "1811"]
[BlackElo "2083"]

1.d4 d5 2.Nf3 Nf6 3.c4 e6 4.g3 Be7 5.Bg2 O-O 6.O-O Nbd7 7.Qc2 b6 8.Nbd2 Bb7
9.Ne5 c5 10.Nxd7 Qxd7 11.dxc5 Bxc5 12.Nf3 Rac8 13.Bf4 dxc4 14.Rfd1 Qe7 15.Bg5 b5
16.h4 h6 17.Bxf6 Qxf6 18.Rd2 Rfd8 19.Rad1 Bb6 20.e4 Rxd2 21.Rxd2 c3 22.bxc3 Rxc3
23.Qb1 Rxf3 24.Bxf3 Qxf3  0-1

[Event "Arad Open 2013"]
[Site "Arad ROU"]
[Date "2013.08.08"]
[Round "8.14"]
[White "Arngrimsson,D"]
[Black "Palamar,C"]
[Result "1-0"]
[WhiteElo "2385"]
[BlackElo "2111"]

1.d4 Nf6 2.c4 e6 3.g3 d5 4.Bg2 Be7 5.Nf3 O-O 6.Nbd2 b6 7.O-O Bb7 8.cxd5 exd5
9.Ne5 c5 10.Nb3 Nc6 11.Nxc6 Bxc6 12.dxc5 bxc5 13.Be3 Ba4 14.Qd2 c4 15.Nd4 Rb8
16.b3 Bd7 17.bxc4 dxc4 18.Rfd1 Bb4 19.Qc2 Qc8 20.a3 Ba5 21.Bg5 Ng4 22.Be4 h6
23.Bf4 Rb6 24.Nf5 Re6 25.Bd5 Qc5 26.e3 Rf6 27.Bd6 Bxf5 28.Qxf5 Qxd6 29.Qxg4 Qe5
30.Bxc4 Bb6 31.Ra2 h5 32.Qe2 h4 33.Rd5 Qe4 34.Qd3 Qf3 35.Qd1 hxg3 36.hxg3 Qe4
37.Bd3 Qe6 38.Qh5 Rh6 39.Qf5 Qc6 40.Rc2 Qa4 41.Rc8 Qxa3 42.Rxf8+ Qxf8 43.Rd7 Qe8
44.Rxf7 g6 45.Qf4 Qxf7 46.Bc4 Qxc4 47.Qxc4+ Kg7 48.Qc3+ Kf7 49.e4 g5 50.e5 Rg6
51.Qf3+ Kg7 52.Qf5  1-0

[Event "100th ch-GBR 2013"]
[Site "Torquay ENG"]
[Date "2013.08.08"]
[Round "10.7"]
[White "Gormally,D"]
[Black "Tambini,J"]
[Result "1-0"]
[WhiteElo "2496"]
[BlackElo "1979"]

1.d4 d5 2.Nf3 Nf6 3.c4 e6 4.g3 Be7 5.Bg2 O-O 6.Nc3 c6 7.O-O b6 8.Bf4 Bb7
9.Rc1 Nbd7 10.Nd2 Re8 11.cxd5 exd5 12.Nf3 Nf8 13.Ne5 Ng6 14.Qa4 Nxe5 15.dxe5 Nd7
16.Rfd1 Nc5 17.Qc2 Ne6 18.Bd2 f6 19.exf6 Bxf6 20.e3 Qe7 21.b4 a6 22.Na4 b5
23.Nb2 Rac8 24.Nd3 a5 25.a3 a4 26.Re1 Qd6 27.Rcd1 Rcd8 28.Bc1 Qc7 29.Bb2 Qf7
30.Rc1 Ng5 31.Bxf6 Qxf6 32.f4 Ne4 33.Bxe4 Rxe4 34.Ne5 Re8 35.Qc5 R4xe5 36.fxe5 Qxe5
37.Qd4 Qh5 38.e4 Qf3 39.exd5 Rxe1+ 40.Rxe1 Qxd5 41.Qxd5+ cxd5 42.Re7 Bc6
43.Rc7  1-0

[Event "Razuvaev Memorial"]
[Site "Rockville USA"]
[Date "2013.08.09"]
[Round "2.2"]
[White "Mihalcisin,A"]
[Black "Zatonskih,A"]
[Result "1/2-1/2"]
[WhiteElo "2515"]
[BlackElo "2473"]

1.Nf3 d5 2.d4 e6 3.c4 Be7 4.g3 Nf6 5.Bg2 O-O 6.Qc2 c5 7.O-O cxd4 8.Nxd4 Nc6
9.Nxc6 bxc6 10.Rd1 Qb6 11.Be3 Qa6 12.Bd4 Nd7 13.b3 Rb8 14.e3 c5 15.Bb2 dxc4  1/2-1/2

[Event "10th Malaysian Open"]
[Site "Kuala Lumpur MAS"]
[Date "2013.08.10"]
[Round "1.14"]
[White "Yuan,Ye"]
[Black "Wang Rui"]
[Result "0-1"]
[WhiteElo "2033"]
[BlackElo "2408"]

1.d4 Nf6 2.c4 e6 3.Nf3 d5 4.g3 Be7 5.Bg2 O-O 6.O-O dxc4 7.Qc2 a6 8.a4 Bd7
9.Qxc4 Bc6 10.Bg5 Bd5 11.Qc2 Be4 12.Qb3 Bd5 13.Qc2 Be4 14.Qb3 Nc6 15.Bxf6 Bxf6
16.e3 e5 17.dxe5 Nxe5 18.Nxe5 Bxg2 19.Kxg2 Bxe5 20.f4 Bf6 21.Rd1 Qe7 22.Nd2 Rfd8
23.e4 Bd4 24.e5 a5 25.Nf3 Bb6 26.Ng5 h6 27.Ne4 Qe8 28.Rac1 Rd7 29.Rxd7 Qxd7
30.Rd1 Qe8 31.Kf3 Rd8 32.g4 Rxd1 33.Qxd1 Qc6 34.Qd8+ Kh7 35.Qd3 Kg8 36.b3 Qe6
37.g5 hxg5 38.Qd8+ Kh7 39.Qxg5 Qd5 40.Qf5+ g6 41.Qf6 Kg8 42.Kg4 c6 43.Ng3 Qd1+
44.Kh3 Qxb3 45.f5 gxf5 46.Kg2 Qd5+ 47.Kh3 Qe6 48.Qg5+ Qg6 49.Kh4 Bf2 50.Qxg6+ fxg6
51.Kg5 Bxg3 52.hxg3 Kf7  0-1

[Event "21st Poznan Open"]
[Site "Poznan POL"]
[Date "2013.08.10"]
[Round "4.8"]
[White "Bartkowiak,D"]
[Black "Cholewa,M"]
[Result "0-1"]
[WhiteElo "2167"]
[BlackElo "1855"]

1.d4 d5 2.c4 e6 3.Nf3 Nf6 4.g3 Be7 5.Bg2 O-O 6.O-O c5 7.cxd5 Nxd5 8.Nc3 Nxc3
9.bxc3 Nc6 10.Be3 cxd4 11.cxd4 Rb8 12.Bf4 Bd6 13.Ne5 Nxe5 14.dxe5 Bc5 15.Qc2 b6
16.Be4 h6 17.Rad1 Qe8 18.Rd3 Ba6 19.h4 Bxd3 20.Qxd3 Qa4 21.Qf3 Rfd8 22.Kg2 Rd4
23.Bb1 Rbd8 24.Be3 R4d5 25.Bf4 Rd1 26.Rxd1 Qxd1 27.Bd3 Qa4 28.h5 Qxa2 29.Kh2 Qd5
30.Be4 Qd4 31.e3 Qd1 32.Kg2 Qxf3+ 33.Kxf3 Rd2 34.g4 a5 35.Bc6 Rb2 36.g5 hxg5
37.Bxg5 b5 38.Ke4 a4 39.Kd3 a3 40.Kc3 Bb4+  0-1

[Event "3rd Split Open 2013"]
[Site "Split CRO"]
[Date "2013.08.10"]
[Round "1.3"]
[White "Saric,A"]
[Black "Glavan,M"]
[Result "1-0"]
[WhiteElo "2565"]
[BlackElo "2008"]

1.Nf3 Nf6 2.c4 e6 3.g3 d5 4.Bg2 Be7 5.d4 O-O 6.O-O c6 7.Qc2 Nbd7 8.b3 b6
9.Rd1 Bb7 10.Nc3 Rc8 11.e4 b5 12.e5 Ne8 13.c5 f5 14.exf6 gxf6 15.Bh3 f5 16.Re1 Bf6
17.Rxe6 Ng7 18.Re1 Nxc5 19.dxc5 b4 20.Bb2 bxc3 21.Bxc3 Bxc3 22.Qxc3 Rc7 23.Nd4 Qf6
24.f4 Qg6 25.Re5 Bc8 26.Bg2 Kh8 27.Rae1 Rcf7 28.b4 a6 29.a4 h5 30.b5 axb5
31.axb5 cxb5 32.Nxb5  1-0

[Event "HZ Open 2013"]
[Site "Vlissingen NED"]
[Date "2013.08.10"]
[Round "9.43"]
[White "De Wolf,J"]
[Black "Maas,J"]
[Result "1-0"]
[WhiteElo "2129"]
[BlackElo "1891"]

1.d4 d5 2.Nf3 Nf6 3.c4 e6 4.g3 Be7 5.Bg2 O-O 6.O-O dxc4 7.Qc2 a6 8.Qxc4 b5
9.Qc2 Bb7 10.Bd2 Be4 11.Qc1 Bb7 12.Rd1 Nc6 13.Be1 Nb4 14.a3 Nbd5 15.Nbd2 Nb6
16.Nb3 Bd5 17.Na5 Bd6 18.Ne5 Bxg2 19.Kxg2 Nfd7 20.Nxd7 Qxd7 21.Qc2 Rac8 22.e4 f5
23.e5 Be7 24.Qc6 Qd5+ 25.Qxd5 Nxd5 26.Nc6 Rf7 27.a4 b4 28.a5 f4 29.Rd3 Rcf8
30.Ra4 fxg3 31.hxg3 Rc8 32.Bxb4 Bxb4 33.Nxb4 Nxb4 34.Rxb4 Rd7 35.Rc4 c5 36.b4 Kf7
37.bxc5 Ke7 38.Rb3 Rcd8 39.Rbb4 h6 40.Kf3 g5 41.Rb6 Ra8 42.c6 Rc7 43.Rb7 Kd8
44.Ke4 Kc8 45.d5 exd5+ 46.Kxd5 Rxb7 47.cxb7+ Kxb7 48.e6 Rd8+ 49.Ke5 h5 50.e7 Rh8
51.Kd6  1-0

[Event "22nd ZMDI Open 2013"]
[Site "Dresden GER"]
[Date "2013.08.11"]
[Round "2.42"]
[White "Hansch,S"]
[Black "Mertens,Fri"]
[Result "1/2-1/2"]
[WhiteElo "1980"]
[BlackElo "2097"]

1.d4 d5 2.c4 e6 3.Nf3 Nf6 4.g3 Be7 5.Bg2 O-O 6.O-O dxc4 7.Qa4 Bd7 8.Qxc4 Bc6
9.Bf4 Nbd7 10.Nc3 Nb6 11.Qd3 Nbd5 12.Ne5 Nxf4 13.gxf4 Bxg2 14.Kxg2 Nd7 15.Nf3 c5
16.dxc5 Nxc5 17.Qxd8 Rfxd8 18.Rfd1 Kf8 19.Ng5 h6 20.Nge4 Ke8 21.Kf3 Nxe4
22.Kxe4 a6 23.f5 Bf6 24.fxe6 fxe6 25.Rxd8+ Rxd8 26.Rd1 Rc8 27.Rd3 Ke7 28.Kf3 b5
29.Ke3 b4 30.Na4 Rc2 31.Rb3 Rc4 32.Kf3 a5 33.a3 Be5 34.h3 Rh4 35.Kg2 Kd6
36.axb4 Rxb4 37.Rxb4 axb4 38.b3 Kd5 39.e3 Bd6 40.Kf3 e5  1/2-1/2

[Event "Geraardsbergen Open 2013"]
[Site "Geraardsbergen BEL"]
[Date "2013.08.11"]
[Round "3.4"]
[White "Windels,J"]
[Black "De Schampheleire,G"]
[Result "1/2-1/2"]
[WhiteElo "1995"]
[BlackElo "2313"]

1.Nf3 Nf6 2.c4 e6 3.g3 d5 4.Bg2 Be7 5.d4 O-O 6.O-O dxc4 7.Ne5 Nc6 8.Bxc6 bxc6
9.Nxc6 Qe8 10.Nxe7+ Qxe7 11.Qa4 e5 12.dxe5 Qxe5 13.Qxc4 Be6 14.Qc2 Nd5 15.Nc3 Nxc3
16.bxc3 Bf5 17.Qd2 Rfe8 18.Qf4 Qxf4  1/2-1/2

[Event "10th Malaysian Open"]
[Site "Kuala Lumpur MAS"]
[Date "2013.08.11"]
[Round "3.11"]
[White "Kunte,A"]
[Black "Zhai Mo"]
[Result "1/2-1/2"]
[WhiteElo "2489"]
[BlackElo "2319"]

1.d4 Nf6 2.c4 e6 3.Nf3 d5 4.g3 Be7 5.Bg2 O-O 6.O-O dxc4 7.Qc2 a6 8.a4 Bd7
9.Qxc4 Bc6 10.Bg5 Bd5 11.Qd3 c5 12.Nc3 Bc6 13.Bxf6 Bxf6 14.dxc5 Nd7 15.Qc4 Qe7
16.Ne4 Bxe4 17.Qxe4 a5 18.c6 bxc6 19.Nd4 c5 20.Nc6 Qd6 21.Rfd1 Qc7 22.Rac1 Kh8
23.Qd3 Nb6 24.Qb5 c4 25.e4 Bxb2 26.Qxb2 Qxc6 27.e5 Nd5 28.Qd4 Rac8 29.Bxd5 exd5
30.Qxd5 Qxa4 31.Rd4 Qc6 32.Qxa5 c3 33.Rd3 c2 34.Rd2 Qe4 35.Qa2 Qxe5 36.Rdxc2 Rxc2  1/2-1/2

[Event "10th Malaysian Open"]
[Site "Kuala Lumpur MAS"]
[Date "2013.08.11"]
[Round "3.2"]
[White "Gupta,Ab"]
[Black "Wang Rui"]
[Result "1/2-1/2"]
[WhiteElo "2594"]
[BlackElo "2408"]

1.d4 Nf6 2.c4 e6 3.g3 d5 4.Bg2 Be7 5.Nf3 O-O 6.O-O dxc4 7.Qc2 a6 8.a4 Bd7
9.Qxc4 Bc6 10.Bg5 Bd5 11.Qd3 Be4 12.Qd1 c5 13.dxc5 Bxc5 14.Nbd2 Bc6 15.Nb3 Bb4
16.Ne5 Bxg2 17.Kxg2 Nbd7 18.Nxd7 Qxd7 19.Qxd7 Nxd7 20.Rad1 Ne5 21.Bf4 Nc4
22.Rd7 b5 23.axb5 axb5 24.Rb7 Nxb2 25.Rxb5 Bc3 26.Rc1 Rfc8 27.Rb7 Bf6 28.Bc7 h6
29.Nc5 Na4 30.Nd7 Bd8 31.Bf4 Rxc1 32.Bxc1 Rc8 33.Bf4 Nc3 34.Kf3 Nd5 35.Bd6 Be7
36.Bxe7 Nxe7 37.h4 Nc6  1/2-1/2

[Event "XXV Jirasek Mem 2013"]
[Site "Rakovnik CZE"]
[Date "2013.08.11"]
[Round "3.2"]
[White "Cernousek,L"]
[Black "Freisler,P"]
[Result "0-1"]
[WhiteElo "2457"]
[BlackElo "2338"]

1.d4 Nf6 2.c4 e6 3.g3 d5 4.Nf3 Be7 5.Bg2 O-O 6.O-O dxc4 7.Qc2 a6 8.Qxc4 b5
9.Qc2 Bb7 10.Bd2 Be4 11.Qc1 Qc8 12.Bg5 Nbd7 13.Qf4 Ra7 14.Rc1 Ba8 15.Rc2 Be4
16.Rc1 Ba8 17.Bxf6 Bxf6 18.Nc3 c5 19.b4 Bxf3 20.Bxf3 Bxd4 21.bxc5 Bxc5 22.a4 b4
23.Ne4 Rc7 24.Nxc5 Rxc5 25.Rxc5 Qxc5 26.Rc1 Qa5 27.Qc7 Qxc7 28.Rxc7 Rd8 29.a5 b3
30.Kg2 f5 31.Rc1 b2 32.Rb1 Rb8 33.e4 Nc5 34.exf5 Na4  0-1

[Event "3rd Riga Tech Uni Op"]
[Site "Riga LAT"]
[Date "2013.08.11"]
[Round "9.5"]
[White "Rausis,I"]
[Black "Lugovskoy,M"]
[Result "1/2-1/2"]
[WhiteElo "2552"]
[BlackElo "2372"]

1.d4 d5 2.c4 e6 3.Nf3 Nf6 4.g3 Be7 5.Bg2 O-O 6.Qc2 dxc4 7.Nbd2 Nc6 8.Qxc4 Qd5
9.O-O Rd8 10.Qxd5 exd5 11.Nb3 Bf5 12.Bf4 Rac8 13.Rfc1 h6 14.Ne5 Nxe5 15.dxe5 Ne8
16.Be3 a6 17.Na5 Rb8 18.Ba7 Ra8 19.Nxb7 Rxa7 20.Nxd8 Bxd8 21.Bxd5 c5 22.e4 Bg4
23.Kg2 Be7 24.f3 Bd7 25.Rd1 g6 26.Rac1 Ng7 27.Rd3 Ne6 28.Rb3 Bb5 29.Bc4 Rd7
30.Bxb5 Rd2+ 31.Kf1 axb5 32.Rxb5 Rxh2 33.Rc3 Nd4 34.Rb7 Bf8 35.a4 Ne2 36.Rd3 Nxg3+
37.Kg1 Rc2 38.e6 Ne2+ 39.Kf1 Nf4 40.Rc3 Rd2 41.e7 Bxe7 42.Rxe7 Rxb2 43.a5 Ra2
44.Ra7 h5 45.Rb3 g5 46.Rbb7 Ra1+ 47.Kf2 Ra2+ 48.Kf1 Ra1+ 49.Kf2 Ra2+ 50.Ke1 Nd3+
51.Kd1 c4 52.Rxf7 c3 53.Rg7+ Kh8 54.Rh7+ Kg8 55.Rhg7+ Kh8 56.Rh7+ Kg8 57.Rhg7+ Kh8
58.Rh7+ Kg8 59.Rag7+ Kf8 60.Rf7+ Kg8 61.Rhg7+ Kh8 62.Rh7+ Kg8 63.Rfg7+ Kf8
64.Rf7+ Kg8 65.Rhg7+ Kh8 66.Rh7+ Kg8 67.Rhg7+ Kh8 68.Rh7+ Kg8 69.Rhg7+ Kh8
70.Rh7+ Kg8 71.Rhg7+ Kh8 72.Rh7+ Kg8 73.Rhg7+ Kh8 74.Rh7+ Kg8  1/2-1/2

[Event "Razuvaev Memorial"]
[Site "Rockville USA"]
[Date "2013.08.11"]
[Round "4.2"]
[White "Gulko,B"]
[Black "Zatonskih,A"]
[Result "1-0"]
[WhiteElo "2533"]
[BlackElo "2473"]

1.d4 d5 2.c4 e6 3.Nf3 Be7 4.g3 Nf6 5.Bg2 O-O 6.O-O dxc4 7.Na3 Nc6 8.Nxc4 Rb8
9.a3 b5 10.Nfe5 Nxe5 11.Nxe5 Bb7 12.Bxb7 Rxb7 13.Nc6 Qd7 14.Qc2 Rb6 15.Nxe7+ Qxe7
16.Bg5 Rc8 17.Rac1 b4 18.a4 b3 19.Qd3 h6 20.Bxf6 Qxf6 21.Rc4 Rd8 22.Rd1 e5
23.Rxc7 exd4 24.Rxa7 Qe6 25.Rc7 Rb4 26.a5 Ra4 27.Rb7 Rxa5 28.Qxb3 Rad5 29.Rd2 h5
30.Rb8 Qc6 31.Rc2 Qg6 32.Rcc8 Qb1+ 33.Kg2 Qe4+ 34.Qf3 Qxf3+ 35.Kxf3 Rxc8
36.Rxc8+ Kh7 37.Ke4 Rb5 38.Rc2 Rb4 39.Kd5 h4 40.gxh4 d3 41.exd3 Rxh4 42.d4 Rxh2
43.Kc6 g5 44.d5 g4 45.d6 g3 46.Rc3 gxf2 47.Rf3 f1=Q 48.Rxf1 Rc2+ 49.Kd7 Kg6
50.Rg1+ Kh5 51.Ke7 f5 52.d7 Re2+ 53.Kf6  1-0

[Event "Stare Mesto Open 2013"]
[Site "Stare Mesto CZE"]
[Date "2013.08.11"]
[Round "3.10"]
[White "Cip,D"]
[Black "Chudinovskikh,A"]
[Result "0-1"]
[WhiteElo "2103"]
[BlackElo "2299"]

1.d4 Nf6 2.c4 e6 3.Nf3 d5 4.g3 Be7 5.Bg2 O-O 6.O-O dxc4 7.Ne5 Nc6 8.Bxc6 bxc6
9.Nxc6 Qe8 10.Nxe7+ Qxe7 11.Qc2 e5 12.Rd1 exd4 13.Rxd4 Be6 14.Bg5 h6 15.Bxf6 Qxf6
16.Rd2 Rab8 17.Nc3 Rb6 18.Rc1 Rfb8 19.Nd1 Rb5 20.Qc3 Qf5 21.Ne3 Qh3 22.Rcd1 Rh5
23.Nf1 Rb6 24.Rd8+ Kh7 25.f3 Rhb5 26.R8d2 Qf5 27.Kg2 Qf6 28.e4 Rxb2 29.e5 Rxd2+
30.Nxd2 Qf5 31.Ne4 Rb5 32.g4 Qxe5 33.Qc2 f5 34.Nc3 Rb6 35.Rd2 Rd6 36.Re2 Qf6
37.Nb5 Rd7 38.Nxa7 Rd3 39.Rd2 Rxd2+ 40.Qxd2 fxg4 41.fxg4 Bxg4 42.Qc2+ Kh8
43.Qe4 Be6 44.Nc6 c3 45.Ne5 c2 46.Ng6+ Qxg6+ 47.Qxg6 Bd5+  0-1

[Event "10th Malaysian Open"]
[Site "Kuala Lumpur MAS"]
[Date "2013.08.12"]
[Round "5.3"]
[White "Gupta,Ab"]
[Black "Irwanto,S"]
[Result "1-0"]
[WhiteElo "2594"]
[BlackElo "2401"]

1.d4 Nf6 2.c4 e6 3.g3 d5 4.Bg2 Be7 5.Nf3 O-O 6.O-O dxc4 7.Qc2 a6 8.a4 Bd7
9.Qxc4 Bc6 10.Bg5 b5 11.Qc2 Be4 12.Qd1 Nbd7 13.Nbd2 Bb7 14.Nb3 c5 15.dxc5 Nxc5
16.Qxd8 Rfxd8 17.Nxc5 Bxc5 18.Ne5 Bxg2 19.Kxg2 Rd5 20.Bxf6 gxf6 21.Nd3 Bd6
22.Rfc1 a5 23.f4 Rb8 24.Kf3 f5 25.Rc6 Be7 26.b3 Bf6 27.Rac1 bxa4 28.bxa4 Rd4
29.R1c4 Rbd8 30.R6c5 Re4 31.Nf2 Rxc4 32.Rxc4 Rd4 33.Rxd4 Bxd4 34.e3 Bb6 35.Nd3 f6
36.Nb2 Kf7 37.Nc4 Bc7 38.e4 Ke7 39.exf5 exf5 40.Ke3 Kd7 41.Kd4 Kc6 42.Nd2 Bb6+
43.Kc4 Be3 44.Nf3 Kd6 45.Nd4 Bxd4 46.Kxd4 h6 47.Kc4 Kc6 48.h3 h5 49.h4 Kd6
50.Kb5 Kd5  1-0

[Event "XXIV Jozefa Kochana Mem"]
[Site "Koszalin POL"]
[Date "2013.08.13"]
[Round "5.5"]
[White "Piotrowski,Pawel"]
[Black "Januszkiewicz,Wojciech"]
[Result "1-0"]
[WhiteElo "1959"]
[BlackElo "1841"]

1.d4 d5 2.c4 e6 3.Nf3 Nf6 4.g3 Be7 5.Bg2 O-O 6.Qc2 dxc4 7.Qxc4 a6 8.O-O b5
9.Qc2 Bb7 10.Bf4 Nc6 11.Nbd2 Rc8 12.Nb3 Nb4 13.Qc1 c5 14.dxc5 Nd7 15.Qd2 Nd5
16.Bd6 Nxc5 17.Nxc5 Qxd6 18.Nxb7 Qb6 19.e4 Nb4 20.a3 Rc2 21.Qd4 Qxb7 22.axb4 Rd8
23.Qe5 Bd6 24.Rfd1 Qc7 25.Qg5 Be7 26.Qf4 Rxd1+ 27.Rxd1 Qb6 28.Ne1 g5 29.Qf3 Rxb2
30.Nd3 Rb3 31.e5 Bxb4 32.Qh5 Bf8 33.Qxg5+ Kh8 34.Be4 Qd4 35.Qf6+ Kg8 36.Qh4 h6
37.Bh7+  1-0

[Event "24th ch-NATO 2013"]
[Site "Rynia POL"]
[Date "2013.08.13"]
[Round "2.18"]
[White "Rosenkilde,A"]
[Black "Kartal,K"]
[Result "1/2-1/2"]
[WhiteElo "2262"]
[BlackElo "1997"]

1.d4 Nf6 2.c4 e6 3.g3 d5 4.Nf3 Be7 5.Bg2 O-O 6.O-O dxc4 7.Qc2 a6 8.a4 Bd7
9.Qxc4 Bc6 10.Nc3 Nbd7 11.Rd1 Nb6 12.Qd3 Qe8 13.a5 Nbd5 14.Bg5 h6 15.Bxf6 Nxf6
16.e4 Bb4 17.Ne5 Bb5 18.Qc2 c6 19.Nxb5 cxb5 20.Nd3 Rc8 21.Qb3 Be7 22.e5 Nd5
23.Bxd5 exd5 24.Qxd5 Qc6 25.Qxc6 bxc6 26.Nc5 Rfd8 27.b4 Ra8 28.Kf1 Rd5 29.Ke2 Bxc5
30.bxc5 Rad8 31.Ke3 h5 32.f4 g6 33.Rd3 Kf8 34.f5 g5 35.g4 h4 36.Rb1 f6 37.e6 Ke7
38.Rb2 Rb8 39.Kd2 Rbd8 40.Kc3 Rb8 41.Rb4  1/2-1/2

[Event "24th ch-NATO 2013"]
[Site "Rynia POL"]
[Date "2013.08.13"]
[Round "3.7"]
[White "Michalski,D"]
[Black "Van Run,R"]
[Result "0-1"]
[WhiteElo "2150"]
[BlackElo "2097"]

1.d4 d5 2.Nf3 Nf6 3.c4 e6 4.g3 Be7 5.Bg2 O-O 6.Qc2 Nbd7 7.O-O Re8 8.b3 c6
9.Nbd2 Bd6 10.e4 dxe4 11.Nxe4 Nxe4 12.Qxe4 e5 13.Bb2 Nf6 14.Qc2 e4 15.Ne5 c5
16.f4 exf3 17.Nxf3 cxd4 18.Bxd4 Ng4 19.c5 Bf8 20.Rad1 g6 21.h3 Nh6 22.Ba1 Qc7
23.Qc3 Qxc5+ 24.Qxc5 Bxc5+ 25.Kh2 Bf5 26.Ng5 Rad8 27.Rfe1 Bb6 28.Bf6 Rc8
29.Bxb7 Rc2+ 30.Kh1 Ree2 31.Rxe2 Rxe2 32.g4 Bxg4 33.hxg4 Nxg4 34.Bd4 Rxa2
35.Bxb6 axb6 36.Rd7 Rf2 37.Nxf7 Rf1+ 38.Kg2 Ne3+ 39.Kh2 Rxf7 40.Rd8+ Kg7
41.Bc6 Rc7 42.Ba4 Nf5 43.Rb8 Kf6 44.Rxb6+ Ke5 45.b4 Kd4 46.Bb3 Ke3 47.b5 Nd4
48.Bg8 Kf2 49.Rf6+ Nf3+ 50.Kh3 Rc5 51.b6 Rh5+ 52.Kg4 Rh4+  0-1

[Event "10th Malaysian Open"]
[Site "Kuala Lumpur MAS"]
[Date "2013.08.14"]
[Round "6.29"]
[White "Ng Tze Han"]
[Black "Yuan,Ye"]
[Result "1/2-1/2"]
[WhiteElo "2288"]
[BlackElo "2033"]

1.d4 Nf6 2.c4 e6 3.g3 d5 4.Nf3 Be7 5.Bg2 O-O 6.O-O dxc4 7.Qc2 a6 8.Qxc4 b5
9.Qc2 Bb7 10.Bd2 Be4 11.Qc1 Bb7 12.Bf4 Nd5 13.Bg5 Nc6 14.Rd1 h6 15.Bxe7 Qxe7
16.e4 Nb6 17.Nbd2 Na5 18.Qc2 Rac8 19.Rac1 Rfd8 20.Qc3 Nac4 21.b3 b4 22.Qc2 Nxd2
23.Rxd2 c5 24.dxc5 Rxd2 25.Nxd2  1/2-1/2

[Event "XXV Jirasek Mem 2013"]
[Site "Rakovnik CZE"]
[Date "2013.08.15"]
[Round "7.4"]
[White "Plischki,S"]
[Black "Freisler,P"]
[Result "0-1"]
[WhiteElo "2421"]
[BlackElo "2338"]

1.d4 Nf6 2.c4 e6 3.g3 d5 4.Bg2 Be7 5.Nf3 O-O 6.O-O Nbd7 7.Qc2 c6 8.Nbd2 b6
9.e4 Bb7 10.e5 Ne8 11.cxd5 cxd5 12.Re1 Rc8 13.Qa4 Qc7 14.Nf1 a5 15.Bd2 Qc6
16.Qd1 Ba6 17.Ne3 f5 18.Rc1 Qb7 19.Qa4 Nb8 20.Rxc8 Qxc8 21.Rc1 Qd8 22.Qb3 h6
23.Ne1 Kh7 24.Nd3 g5 25.Qc2 Rf7 26.g4 Ng7 27.gxf5 Nxf5 28.Nxf5 exf5 29.e6 Rf8
30.Ne5 Qd6 31.Re1 Qxe6 32.Ng6 Qxg6 33.Rxe7+ Rf7 34.Qc7 Rxe7 35.Qxe7+ Qg7
36.Qe6 Bb7 37.Qxb6 a4 38.Bh3 Qd7 39.Qf6 Bc8 40.Bg2 Qe6 41.Qd8 Nc6 42.Qb6 Ne7
43.Qc5 Qe2 44.h3 Qe6 45.Bb4 Ng6 46.Bxd5 Qd7 47.Qc6 Nf4 48.Qxd7+ Bxd7 49.Bc4 Nxh3+
50.Kf1 Nf4 51.d5 Kg6 52.Bd6 Nh5 53.b4 axb3 54.axb3 Nf6 55.b4 Ne4  0-1

[Event "28th Metropolitan GM"]
[Site "Los Angeles USA"]
[Date "2013.08.17"]
[Round "8"]
[White "Matikozian,A"]
[Black "Yang,Dar"]
[Result "1/2-1/2"]
[WhiteElo "2475"]
[BlackElo "2480"]

1.Nf3 Nf6 2.g3 d5 3.Bg2 e6 4.d4 Be7 5.c4 c6 6.b3 O-O 7.O-O Nbd7 8.Bb2 b6
9.Nbd2 Bb7 10.Rc1 Rc8 11.cxd5 cxd5 12.e3 a5 13.Rxc8 Qxc8 14.Qc1 Qxc1 15.Rxc1 Rc8
16.Rxc8+  1/2-1/2

[Event "28th Metropolitan GM"]
[Site "Los Angeles USA"]
[Date "2013.08.18"]
[Round "9"]
[White "Banawa,Joe"]
[Black "Amanov,Z"]
[Result "1/2-1/2"]
[WhiteElo "2348"]
[BlackElo "2361"]

1.d4 d5 2.c4 e6 3.Nf3 Nf6 4.g3 Be7 5.Bg2 O-O 6.O-O dxc4 7.Qc2 a6 8.Qxc4 b5
9.Qc2 Bb7 10.Bd2 Be4 11.Qc1 Bb7 12.Bf4 Nd5 13.Nc3 Nxf4 14.Qxf4 Nd7 15.Rfd1 Nb6
16.a4 bxa4 17.Nxa4 Nxa4 18.Rxa4 Bd6 19.Qe3 Rb8 20.Rda1 Bxf3 21.Bxf3 Rxb2  1/2-1/2

[Event "TCh-POR Div1 Final 2013"]
[Site "Matosinhos POR"]
[Date "2013.08.18"]
[Round "1.3"]
[White "Silva,Mi3"]
[Black "Ulyanovskyy,Vl UKR"]
[Result "0-1"]
[WhiteElo "2111"]
[BlackElo "2081"]

1.d4 Nf6 2.c4 e6 3.g3 d5 4.Nf3 Be7 5.Bg2 O-O 6.O-O b6 7.Nc3 Bb7 8.Ne5 Nbd7
9.Qa4 c6 10.Rd1 Nxe5 11.dxe5 Nd7 12.cxd5 cxd5 13.e4 Nc5 14.Qd4 Nxe4 15.Bxe4 dxe4
16.Be3 Qxd4 17.Rxd4 Bc5 18.Rd7 Bxe3 19.fxe3 Bc6 20.Rd6 Rfc8 21.Rad1 Kf8 22.R1d4 Ke7
23.Rc4 Bb7 24.Rcd4 Bc6 25.Rc4 Bd5 26.Rd4 Rc5 27.Nxd5+ Rxd5 28.Rc6 Rad8 29.Rcc4 b5
30.Rc7+ R8d7 31.Rxd5 exd5 32.Rc5 Ke6 33.Rxb5 Kxe5 34.Rc5 f5 35.Rc8 d4 36.Rc5+ Rd5
37.exd4+ Kxd4 38.Rc7 Ke3 39.Rxg7 Kf3  0-1

[Event "12th Lichtenberger Sommer"]
[Site "Berlin GER"]
[Date "2013.08.19"]
[Round "3.27"]
[White "Mohrmann,Ralf"]
[Black "Richter,Go"]
[Result "1-0"]
[WhiteElo "1996"]
[BlackElo "2003"]

1.d4 Nf6 2.c4 e6 3.g3 d5 4.Bg2 Be7 5.Nf3 O-O 6.O-O c6 7.Nbd2 Nbd7 8.Qc2 b6
9.e4 Bb7 10.e5 Ne8 11.h4 Rc8 12.Ng5 g6 13.Ndf3 Ng7 14.Rd1 Qc7 15.Bf4 c5 16.dxc5 Bxc5
17.cxd5 b5 18.dxe6 fxe6 19.Qe2 Bd5 20.Rxd5 exd5 21.e6  1-0

[Event "TCh-POR Div1 Final 2013"]
[Site "Matosinhos POR"]
[Date "2013.08.20"]
[Round "4.4"]
[White "Strikovic,A"]
[Black "Kolosowski,M"]
[Result "1/2-1/2"]
[WhiteElo "2533"]
[BlackElo "2425"]

1.c4 e6 2.Nf3 Nf6 3.g3 d5 4.d4 Be7 5.Bg2 O-O 6.O-O dxc4 7.Qa4 a6 8.Qxc4 b5
9.Qc2 Bb7 10.Bd2 Ra7 11.Bg5 Nbd7 12.Nbd2 Qa8 13.Nb3 Be4 14.Qd2 Bd5 15.Bxf6 Nxf6
16.Ne5 Rd8 17.Qc2 Be4 18.Bxe4 Nxe4 19.Nd3 Bf6 20.Rfd1 Bxd4 21.Nxd4 Rxd4 22.Ne5 Rxd1+
23.Rxd1 Nd6 24.Nc6 Rb7 25.Na5 Rb8 26.Qxc7 Ne8 27.Qc6 Qxc6 28.Nxc6 Rb6 29.Rd8 Kf8
30.Rc8 b4 31.f4 f6 32.e4 Kf7 33.e5 Rb5 34.Kf2 g5 35.Ke3 gxf4+ 36.gxf4 a5
37.Nd8+ Ke7 38.Nxe6 Kxe6 39.Rxe8+ Kf7 40.Rh8 Kg7 41.Ke4  1/2-1/2

[Event "Brasschaat Open 2013"]
[Site "Brasschaat BEL"]
[Date "2013.08.21"]
[Round "5.14"]
[White "Busschots,Johan"]
[Black "Roggeveen,P"]
[Result "0-1"]
[WhiteElo "1943"]
[BlackElo "2200"]

1.d4 Nf6 2.c4 e6 3.Nf3 d5 4.g3 Be7 5.Bg2 O-O 6.O-O dxc4 7.Qc2 a6 8.a4 Bd7
9.Qxc4 Bc6 10.Nc3 b5 11.Qd3 b4 12.Nd1 Be4 13.Qd2 Nc6 14.b3 Na5 15.Qb2 Qd5
16.Ne3 Qxb3 17.Qd2 Nd5  0-1

[Event "TCh-POR Div1 Final 2013"]
[Site "Matosinhos POR"]
[Date "2013.08.21"]
[Round "5.5"]
[White "Silva,Mi3"]
[Black "Cavaleiro,D"]
[Result "1-0"]
[WhiteElo "2111"]
[BlackElo "1893"]

1.c4 Nf6 2.g3 e6 3.Bg2 Be7 4.d4 d5 5.Nf3 O-O 6.O-O Nbd7 7.Qc2 c6 8.Nbd2 Re8
9.e4 Nxe4 10.Nxe4 dxe4 11.Qxe4 Bf6 12.Rd1 Qb6 13.Ne5 Nxe5 14.dxe5 Be7 15.Qc2 Qc7
16.Qe4 c5 17.Bf4 Rb8 18.h4 Bd7 19.Qe3 Bc6 20.Bxc6 Qxc6 21.Bg5 Bf8 22.Rd2 h6
23.Bf4 Red8 24.Rad1 Qc7 25.Qe4 b6 26.Qe2 Be7 27.Qg4 Rxd2 28.Rxd2 Kh7 29.Qh5 Kg8
30.Rd3 Rd8 31.Rf3 Bf8 32.Qg4 Kh7 33.Be3 Qb7 34.Rf4 Kh8 35.Qe2 Qd7 36.Kh2 Kg8
37.Qf3 Qc7 38.h5 Rd7 39.Qe4 Qb7 40.Qc2 Qc7 41.Qe4 Qb7 42.Qxb7 Rxb7 43.Kg2 Be7
44.Re4 a6 45.b3 a5 46.Bf4 Kf8 47.Re2 Ke8 48.a4 Rd7 49.Rd2 Bg5 50.Bxg5 hxg5
51.Rxd7 Kxd7 52.Kf3 Ke7 53.Kg4 f6 54.h6 gxh6 55.Kh5 fxe5 56.Kxh6 Kf6 57.g4 e4
58.Kh5  1-0

[Event "12th Lichtenberger Sommer"]
[Site "Berlin GER"]
[Date "2013.08.22"]
[Round "6.23"]
[White "Flick,Antoine"]
[Black "McGowan,D"]
[Result "1-0"]
[WhiteElo "1954"]
[BlackElo "2116"]

1.d4 e6 2.Nf3 Nf6 3.c4 d5 4.g3 Be7 5.Bg2 O-O 6.O-O dxc4 7.Qa4 a6 8.Qxc4 b5
9.Qc2 Bb7 10.Bg5 Nbd7 11.Bxf6 Nxf6 12.Nbd2 Rc8 13.Nb3 Be4 14.Qc1 Qd5 15.Rd1 Rfd8
16.Nc5 Bxc5 17.Qxc5 Qb7 18.Rac1 Rd5 19.Qc3 b4 20.Qc4 h6 21.Qb3 Rcd8 22.Rc4 a5
23.Rdc1 R8d7 24.Qa4 Qb6 25.Ne5 Rd8 26.e3 Bxg2 27.Kxg2 Nd7 28.Nc6 Re8 29.Ne5 Rd8
30.Nxd7 R8xd7 31.Qc6 R5d6 32.Qxb6 cxb6 33.Rc7 Kf8 34.Rxd7 Rxd7 35.Kf3 Ke7
36.Rc6 Rb7 37.Ke4 Rb8 38.Rc7+ Kf6 39.Kd3 b5 40.Ke4 g6 41.f3 a4 42.Kd3 Rb6
43.e4 Rb8 44.e5+ Kg7 45.d5 exd5 46.Kd4 Kf8 47.f4 h5 48.h3 Rb6 49.g4 hxg4
50.hxg4 Ke8 51.Kc5 Rb8 52.f5 gxf5 53.gxf5 d4 54.Kxd4 Rd8+ 55.Kc5 Rd2 56.f6 Rxb2
57.Re7+ Kf8 58.Kxb5 a3 59.Kc4 Kg8 60.Ra7 Rxa2 61.Ra8+ Kh7 62.e6  1-0